[Event "GBR-ch 95th"]
[Site "Liverpool"]
[Date "2008.08.05"]
[Round "8.12"]
[White "Ynojosa, Felix Jose"]
[Black "Haslinger, Stewart"]
[Result "0-1"]
[WhiteElo "2101"]
[BlackElo "2511"]
[PlyCount "80"]
[EventDate "2008.07.28"]
[EventType "swiss"]
[EventRounds "11"]
[EventCountry "GBR"]

1. e4 e5 2. Bc4 Nf6 3. d3 Nc6 4. a3 d5 5. exd5 Nxd5 6. Bxd5 Qxd5 7. Qf3 Be6 8.
Nc3 Qxf3 9. Nxf3 Bg4 10. Be3 f5 11. Ng5 Kd7 12. f3 Bh5 13. O-O-O h6 14. Nh3 Nd4
15. Bxd4 exd4 16. Ne2 c5 17. c3 dxc3 18. Nxc3 Kc6 19. d4 Bf7 20. d5+ Kd7 21.
Nf4 Bd6 22. Ne6 g6 23. g4 Rae8 24. gxf5 gxf5 25. Ng7 Bf4+ 26. Kb1 Re5 27. Rhe1
Rg8 28. Ne6 Bxe6 29. dxe6+ Kxe6 30. Rxe5+ Bxe5 31. Re1 Kd6 32. Re2 Bxc3 33.
bxc3 Rg1+ 34. Kb2 Rf1 35. Rg2 Kd5 36. h4 Kc4 37. Rg7 Rf2+ 38. Kb1 b5 39. a4 Kb3
40. Kc1 Kxc3 0-1

[Event "GBR-ch 95th"]
[Site "Liverpool"]
[Date "2008.08.05"]
[Round "8.13"]
[White "Tiruchirapalli, Venkataramanan"]
[Black "Buckley, Graeme"]
[Result "1-0"]
[WhiteElo "2247"]
[BlackElo "2401"]
[PlyCount "151"]
[EventDate "2008.07.28"]
[EventType "swiss"]
[EventRounds "11"]
[EventCountry "GBR"]

1. e4 c5 2. c3 e6 3. d4 d5 4. exd5 exd5 5. Nf3 Nc6 6. Bb5 Bd6 7. dxc5 Bxc5 8.
O-O Nge7 9. Nbd2 O-O 10. Nb3 Bb6 11. Bd3 h6 12. h3 Qd6 13. Bc2 Re8 14. Nbd4 a6
15. Be3 Bc7 16. Qd3 Ng6 17. Rfe1 Nce5 18. Nxe5 Qxe5 19. Nf3 Qh5 20. Bd2 Bd7 21.
c4 Be6 22. c5 d4 23. Nxd4 Rad8 24. Bc3 Bc8 25. b4 Be5 26. Rad1 Kf8 27. Ba1 Qg5
28. Kf1 Nh4 29. g4 g6 30. Qe3 Bxd4 31. Qxg5 Rxe1+ 32. Rxe1 hxg5 33. Rd1 Nf3 34.
Ke2 Be6 35. Kxf3 Bd5+ 36. Be4 Bxe4+ 37. Kxe4 Re8+ 38. Kf3 Bxa1 39. Rxa1 Rd8 40.
Ke3 Ke7 41. Rc1 Rc8 42. a4 Ke6 43. Kd4 Rd8+ 44. Kc3 Rh8 45. Re1+ Kd5 46. Re3 a5
47. Rd3+ Kc6 48. Rd6+ Kc7 49. Rf6 Rxh3+ 50. Kc4 Rh7 51. b5 Kd8 52. Kd5 Kc7 53.
b6+ Kd7 54. Rd6+ Kc8 55. c6 bxc6+ 56. Kxc6 Rh8 57. Rd7 f5 58. Rc7+ Kb8 59. Rg7
fxg4 60. Rxg6 Rf8 61. Rxg5 Rf6+ 62. Kb5 Rxf2 63. Ka6 Rf8 64. Rxg4 Rh8 65. Kxa5
Kb7 66. Rg7+ Kb8 67. Ka6 Rf8 68. a5 Rh8 69. Rd7 Kc8 70. Re7 Kb8 71. Re6 Rc8 72.
Rf6 Rh8 73. b7 Rg8 74. Kb6 Rg6 75. Rc6 Rd6 76. a6 1-0

[Event "GBR-ch 95th"]
[Site "Liverpool"]
[Date "2008.08.05"]
[Round "8.14"]
[White "Rendle, Thomas"]
[Black "Addison, Bret"]
[Result "1/2-1/2"]
[WhiteElo "2363"]
[BlackElo "2244"]
[PlyCount "31"]
[EventDate "2008.07.28"]
[EventType "swiss"]
[EventRounds "11"]
[EventCountry "GBR"]

1. f4 d5 2. Nf3 g6 3. g3 Bg7 4. Bg2 c6 5. d3 Qb6 6. Nc3 Nh6 7. e4 dxe4 8. dxe4
O-O 9. Qe2 Nd7 10. h3 e5 11. g4 f5 12. Qc4+ Kh8 13. gxf5 gxf5 14. fxe5 fxe4 15.
Nxe4 Nf7 16. Qb3 1/2-1/2

[Event "GBR-ch 95th"]
[Site "Liverpool"]
[Date "2008.08.05"]
[Round "8.15"]
[White "Lalic, Susan"]
[Black "Surtees, Michael"]
[Result "1-0"]
[WhiteElo "2344"]
[BlackElo "2182"]
[PlyCount "157"]
[EventDate "2008.07.28"]
[EventType "swiss"]
[EventRounds "11"]
[EventCountry "GBR"]

1. e4 c6 2. d4 d5 3. exd5 cxd5 4. c4 e6 5. Nc3 Nc6 6. Nf3 Bb4 7. Bd3 Nge7 8.
O-O f6 9. Be3 O-O 10. Rc1 a6 11. Qc2 h6 12. Rfd1 Kh8 13. Qe2 Bd7 14. Bb1 Be8
15. Ne1 Bxc3 16. bxc3 Na5 17. cxd5 exd5 18. Nd3 Bf7 19. Qf3 Bg8 20. Nf4 Nc4 21.
Re1 Qd6 22. Rcd1 f5 23. Bc1 Rae8 24. h4 Qf6 25. h5 Bf7 26. Re2 Nd6 27. Re5 Nc4
28. Re2 Nd6 29. Re5 Nc4 30. Ree1 Nd6 31. Qd3 Ne4 32. f3 Ng3 33. Ba3 Rg8 34. Qd2
Nc6 35. Bc2 Qh4 36. Nh3 Bxh5 37. Qf4 Qxf4 38. Nxf4 Bf7 39. Kf2 Nh5 40. Nxh5
Bxh5 41. Bxf5 Bf7 42. g4 Na5 43. Be7 b6 44. Bd7 Ra8 45. g5 Ra7 46. Bf5 Nc6 47.
Ba3 g6 48. Be6 hxg5 49. Bxf7 Rxf7 50. Re6 Rc7 51. Bd6 Rcc8 52. Rg1 Kg7 53. Rxg5
Kf7 54. Re1 Rgd8 55. Ba3 Na5 56. Bb4 Nc6 57. Ba3 Na5 58. Bb4 Nc6 59. Rg4 Nxb4
60. Rf4+ Kg8 61. cxb4 Rc2+ 62. Kg3 Rf8 63. Re6 Rxf4 64. Kxf4 Kf7 65. Rxb6 Rxa2
66. Ke5 a5 67. Rb7+ Ke8 68. b5 a4 69. Kxd5 a3 70. Ra7 Rb2 71. Kc6 Rc2+ 72. Kb7
Rc3 73. b6 Rb3 74. Kc7 Rc3+ 75. Kd6 Rb3 76. Kc7 Rc3+ 77. Kb8 Rxf3 78. b7 Kd7
79. Ka8 1-0

[Event "GBR-ch 95th"]
[Site "Liverpool"]
[Date "2008.08.05"]
[Round "8.16"]
[White "Hanley, James L"]
[Black "Horner, Jeff"]
[Result "1-0"]
[WhiteElo "2243"]
[BlackElo "2372"]
[PlyCount "172"]
[EventDate "2008.07.28"]
[EventType "swiss"]
[EventRounds "11"]
[EventCountry "GBR"]

1. Nf3 Nf6 2. b3 d6 3. Bb2 Bg4 4. e3 e5 5. h3 Bh5 6. d3 Nbd7 7. Nbd2 Be7 8. Be2
O-O 9. g4 Bg6 10. g5 Nd5 11. h4 Bh5 12. Nh2 Bxe2 13. Qxe2 c6 14. Ne4 a5 15. c4
Nc7 16. O-O f5 17. Nd2 f4 18. d4 Qe8 19. dxe5 dxe5 20. Rae1 Qg6 21. Qg4 Rad8
22. Ndf3 fxe3 23. Rxe3 Bc5 24. Nxe5 Nxe5 25. Rxe5 Rxf2 26. Rxf2 Qb1+ 27. Kg2
Bxf2 28. Kxf2 Qxb2+ 29. Re2 Qc3 30. Kg2 Qd3 31. Qf3 Qd7 32. Qg4 Qf7 33. Qf3 Qg6
34. Ng4 Rf8 35. Qe4 Qd6 36. Qe7 Qf4 37. Qe4 Qf1+ 38. Kh2 Na6 39. Qe6+ Kh8 40.
Qe3 Qf7 41. Rf2 Qc7+ 42. Kg1 Rd8 43. Ne5 Kg8 44. Nf7 Rd1+ 45. Kg2 Qc8 46. Qf3
Rd7 47. h5 Nc5 48. g6 Re7 49. Ng5 Nd7 50. gxh7+ Kh8 51. Qf5 Qe8 52. Nf7+ Rxf7
53. Qxf7 Qe4+ 54. Qf3 Qe5 55. Qf5 Qe7 56. Qg6 Ne5 57. Qf5 Nd7 58. Rd2 Nf6 59.
Qd3 Qe5 60. Qg6 Qe7 61. h6 gxh6 62. Qxh6 Qe4+ 63. Kf1 Qf3+ 64. Ke1 Qe4+ 65. Kd1
Qb1+ 66. Ke2 Qe4+ 67. Qe3 Qg4+ 68. Qf3 Qe6+ 69. Kd1 Kxh7 70. Qd3+ Kg7 71. Rg2+
Kf8 72. Re2 Qg4 73. Kc2 Kf7 74. Rf2 Ke6 75. Qe2+ Qxe2+ 76. Rxe2+ Kd6 77. Rh2
Kc5 78. Rh6 Ne4 79. Kd3 Nf2+ 80. Kc2 Ne4 81. Rh5+ Kb6 82. Kd3 Nc5+ 83. Kd4 Ne6+
84. Kc3 Nc5 85. a3 Na6 86. Kd4 Nc7 1-0

[Event "GBR-ch 95th"]
[Site "Liverpool"]
[Date "2008.08.05"]
[Round "8.17"]
[White "Briscoe, Christopher"]
[Black "Berry, Stephen"]
[Result "1/2-1/2"]
[WhiteElo "2232"]
[BlackElo "2363"]
[PlyCount "36"]
[EventDate "2008.07.28"]
[EventType "swiss"]
[EventRounds "11"]
[EventCountry "GBR"]

1. e4 e5 2. Nf3 Nc6 3. Bb5 a6 4. Ba4 d6 5. Bxc6+ bxc6 6. d4 exd4 7. Qxd4 c5 8.
Qd3 g6 9. Bg5 f6 10. Bd2 Bg7 11. Nc3 Ne7 12. h4 Bg4 13. Nd5 Nxd5 14. Qxd5 Rb8
15. Nh2 Bc8 16. h5 Bb7 17. Qc4 Bf8 18. hxg6 hxg6 1/2-1/2

[Event "GBR-ch 95th"]
[Site "Liverpool"]
[Date "2008.08.05"]
[Round "8.18"]
[White "Russell, Christopher"]
[Black "Quillan, Gary"]
[Result "0-1"]
[WhiteElo "2036"]
[BlackElo "2339"]
[PlyCount "50"]
[EventDate "2008.07.28"]
[EventType "swiss"]
[EventRounds "11"]
[EventCountry "GBR"]

1. e4 e6 2. d4 d5 3. Nc3 Bb4 4. e5 Ne7 5. Bd2 c5 6. Nb5 Bxd2+ 7. Qxd2 O-O 8. f4
cxd4 9. Nf3 Nbc6 10. O-O-O f6 11. exf6 Rxf6 12. g3 Nf5 13. Nbxd4 Nd6 14. Bh3
Ne4 15. Qe2 Nb4 16. Kb1 e5 17. fxe5 Ra6 18. Bxc8 Rxc8 19. Nd2 Qa5 20. a3 Nc3+
21. bxc3 Na2 22. Nb5 Rc5 23. Nb3 Rxb5 24. Kxa2 Qxa3+ 25. Kb1 Qa1# 0-1

[Event "GBR-ch 95th"]
[Site "Liverpool"]
[Date "2008.08.05"]
[Round "8.19"]
[White "James, Russell A"]
[Black "Mason, Donald"]
[Result "1/2-1/2"]
[WhiteElo "2225"]
[BlackElo "2268"]
[PlyCount "30"]
[EventDate "2008.07.28"]
[EventType "swiss"]
[EventRounds "11"]
[EventCountry "GBR"]

1. e4 c5 2. c3 e6 3. d4 d5 4. Nd2 cxd4 5. cxd4 Nc6 6. Ngf3 Qb6 7. Bd3 Nxd4 8.
Nxd4 Qxd4 9. Bb5+ Bd7 10. Bxd7+ Kxd7 11. O-O Nf6 12. Qe2 Bd6 13. exd5 exd5 14.
Nf3 Qc4 15. Qd1 h6 1/2-1/2

[Event "GBR-ch 95th"]
[Site "Liverpool"]
[Date "2008.08.05"]
[Round "8.21"]
[White "Houska, Jovanka"]
[Black "Waters, Clive L"]
[Result "1/2-1/2"]
[WhiteElo "2405"]
[BlackElo "2096"]
[PlyCount "197"]
[EventDate "2008.07.28"]
[EventType "swiss"]
[EventRounds "11"]
[EventCountry "GBR"]

1. d4 d5 2. Nf3 Nf6 3. c4 c6 4. e3 g6 5. Nc3 Bg7 6. cxd5 cxd5 7. Bb5+ Bd7 8.
Qb3 Bxb5 9. Qxb5+ Qd7 10. Ne5 Qxb5 11. Nxb5 Na6 12. b3 Nd7 13. Nd3 Ndb8 14. Nf4
Nc6 15. Nxd5 O-O-O 16. Nf4 e5 17. dxe5 Bxe5 18. Rb1 Nab4 19. O-O a6 20. Na3
Nxa2 21. Bb2 Bxb2 22. Rxb2 Nab4 23. h4 b5 24. Nc2 Nd3 25. Nxd3 Rxd3 26. Rc1 Rc3
27. Ra1 Kb7 28. Kf1 Rd8 29. Ke2 Rc5 30. g3 Rd6 31. Ne1 Nb4 32. Nf3 h5 33. Nd4
Nc6 34. Nf3 Nb4 35. Ng5 f5 36. Nf3 Nd5 37. Nd4 Nc3+ 38. Kf3 b4 39. Re1 Ne4 40.
Kf4 Rc3 41. Ra1 Nc5 42. Rd2 Ne6+ 43. Ke5 Nxd4 44. exd4 Kc7 45. d5 Kd7 46. Rb1
a5 47. Kd4 Rf6 48. Ra2 f4 49. Rxa5 fxg3 50. Ra7+ Rc7 51. Rxc7+ Kxc7 52. fxg3
Rf3 53. Re1 Rxb3 54. Kc5 Rc3+ 55. Kxb4 Rxg3 56. Kc5 Rc3+ 57. Kd4 Rh3 58. Re7+
Kd8 59. Re4 Rg3 60. Ke5 g5 61. Kd6 gxh4 62. Re6 h3 63. Rh6 Kc8 64. Rh8+ Kb7 65.
Rxh5 Rg6+ 66. Kc5 Rg3 67. Rh7+ Kc8 68. Kc6 Rc3+ 69. Kd6 Rd3 70. Rh8+ Kb7 71.
Ke6 Kc7 72. Rh7+ Kd8 73. Rh4 Kc7 74. Rc4+ Kd8 75. Kd6 Rg3 76. Rh4 Rg6+ 77. Kc5
Rg3 78. Kc6 Rc3+ 79. Kd6 Kc8 80. Rh8+ Kb7 81. Kd7 Rg3 82. Rh7 Re3 83. Kd8+ Kb8
84. d6 Rg3 85. Rh4 Rg8+ 86. Kd7 Rg3 87. Rb4+ Ka7 88. Kc7 Rc3+ 89. Kd8 h2 90.
Rh4 Rc2 91. d7 Kb7 92. Rb4+ Ka7 93. Rb1 Rb2 94. Re1 Re2 95. Ra1+ Kb7 96. Rb1+
Ka7 97. Rc1 Kb7 98. Rh1 Kb8 99. Rb1+ 1/2-1/2

[Event "GBR-ch 95th"]
[Site "Liverpool"]
[Date "2008.08.05"]
[Round "8.22"]
[White "Storey, Charles"]
[Black "Coathup, Roger"]
[Result "1/2-1/2"]
[WhiteElo "2268"]
[BlackElo "2105"]
[PlyCount "103"]
[EventDate "2008.07.28"]
[EventType "swiss"]
[EventRounds "11"]
[EventCountry "GBR"]

1. g3 g6 2. e4 c5 3. Nc3 Nc6 4. f4 e6 5. Bg2 Bg7 6. d3 d6 7. Bd2 Nge7 8. Nf3
O-O 9. g4 f5 10. h3 b5 11. Qe2 Rb8 12. exf5 exf5 13. g5 Re8 14. O-O b4 15. Nd1
Nd5 16. Qf2 Bb7 17. c3 bxc3 18. bxc3 Qa5 19. d4 cxd4 20. cxd4 Qb6 21. Ne3 Nxe3
22. Bxe3 Rxe3 23. Rab1 Rxf3 24. Qxf3 Nxd4 25. Qd3 Nb5+ 26. Kh2 Bxg2 27. Kxg2
Qc6+ 28. Qf3 Qxf3+ 29. Rxf3 Rb6 30. Rfb3 Nc3 31. Rxb6 axb6 32. Rxb6 Nxa2 33.
Rxd6 Nc3 34. Rd8+ Bf8 35. h4 Ne4 36. Kh3 Nd6 37. Rd7 Nf7 38. h5 gxh5 39. Rd5
Nd6 40. Kh4 Kf7 41. Kxh5 Ke6 42. Ra5 Nf7 43. Ra2 Nd6 44. Ra8 Kf7 45. Ra7+ Kg8
46. g6 h6 47. Rd7 Ne8 48. Rb7 Nf6+ 49. Kh4 Bd6 50. Rb5 Kg7 51. Rxf5 Kxg6 52.
Rxf6+ 1/2-1/2

[Event "GBR-ch 95th"]
[Site "Liverpool"]
[Date "2008.08.05"]
[Round "8.23"]
[White "Gregory, Stephen J"]
[Black "Barrett, Steve"]
[Result "1/2-1/2"]
[WhiteElo "2177"]
[BlackElo "2251"]
[PlyCount "190"]
[EventDate "2008.07.28"]
[EventType "swiss"]
[EventRounds "11"]
[EventCountry "GBR"]

1. e4 c5 2. Nf3 e6 3. d3 Nc6 4. g3 d5 5. Nbd2 g6 6. Bg2 Bg7 7. O-O Nge7 8. Re1
O-O 9. e5 Qc7 10. Qe2 g5 11. Nxg5 Nxe5 12. h4 N5c6 13. Nf1 h6 14. Nh3 e5 15. c3
Bd7 16. f4 Rae8 17. Qh5 Bf5 18. Nf2 Qd6 19. Qf3 Bh7 20. Bd2 f5 21. fxe5 Nxe5
22. Qd1 Kh8 23. h5 Qa6 24. Bf4 Nd7 25. Qf3 Nf6 26. Re2 Nc6 27. Rae1 Rxe2 28.
Rxe2 Qxa2 29. Bd6 Rd8 30. Bxc5 Nd7 31. Bd6 Nde5 32. Bxe5 Nxe5 33. Qf4 Nc6 34.
d4 Qb1 35. Re6 Bg8 36. Re2 Bf7 37. Bf3 Rd7 38. Kg2 Kh7 39. Ne3 Ne7 40. g4 Be6
41. g5 hxg5 42. Qxg5 Bf7 43. Nh3 Bh6 44. Qf6 Ng8 45. Qxf5+ Qxf5 46. Nxf5 Nf6
47. Ng3 b5 48. Nf2 Bf4 49. Ng4 Nxg4 50. Bxg4 Rb7 51. Nf5 a6 52. Kf3 Bg5 53. Kg3
Rb6 54. Bf3 b4 55. Kg4 bxc3 56. bxc3 Bf6 57. Rc2 Be6 58. Kf4 Bd8 59. Be2 Bc7+
60. Kg4 Rb8 61. Bd3 Rg8+ 62. Kh4 Bd8+ 63. Kh3 Rg5 64. Rf2 Rxh5+ 65. Kg2 Rg5+
66. Kf1 Kg8 67. Ke2 a5 68. Kd2 a4 69. Kc2 Ba5 70. Ne7+ Kg7 71. Nc6 Bc7 72. Bb5
Bd7 73. Re2 Kf8 74. Na7 Bf5+ 75. Kb2 Ba5 76. Bxa4 Rg3 77. Nb5 Bd3 78. Rf2+ Ke7
79. Na7 Ke6 80. Nc6 Bc7 81. Bb3 Bd6 82. Nd8+ Kd7 83. Nb7 Be4 84. Nxd6 Kxd6 85.
Rf6+ Ke7 86. Rc6 Rg8 87. Rb6 Rc8 88. Rb7+ Kd6 89. Rb6+ Rc6 90. Rb8 Rc7 91. Rh8
Re7 92. Rh6+ Re6 93. Rxe6+ Kxe6 94. Ka3 Kd6 95. Kb4 Bh1 1/2-1/2

[Event "GBR-ch 95th"]
[Site "Liverpool"]
[Date "2008.08.05"]
[Round "8.25"]
[White "Dilleigh, Steve"]
[Black "Grigoryan-Lyell, Meri"]
[Result "0-1"]
[WhiteElo "2131"]
[BlackElo "2053"]
[PlyCount "74"]
[EventDate "2008.07.28"]
[EventType "swiss"]
[EventRounds "11"]
[EventCountry "GBR"]

1. d4 d5 2. c4 e6 3. Nc3 c6 4. e3 Bd6 5. Bd3 f5 6. Nge2 Nf6 7. f3 O-O 8. Qc2
Nbd7 9. cxd5 cxd5 10. Bd2 a6 11. O-O b5 12. a3 Bb7 13. e4 fxe4 14. fxe4 dxe4
15. Nxe4 Nxe4 16. Bxe4 Qh4 17. Nf4 Bxf4 18. Bxf4 Rxf4 19. Rxf4 Qxf4 20. Bxb7
Qxd4+ 21. Qf2 Qxf2+ 22. Kxf2 Rb8 23. Bf3 Ne5 24. Rd1 Rc8 25. Rd6 Rc2+ 26. Kg3
Nxf3 27. Kxf3 a5 28. Rxe6 Rxb2 29. Re5 a4 30. h4 Kf7 31. g4 Kf6 32. Rh5 Rb3+
33. Kf4 h6 34. g5+ hxg5+ 35. Rxg5 Rh3 36. Kg4 Rb3 37. h5 Rg3+ 0-1

[Event "GBR-ch 95th"]
[Site "Liverpool"]
[Date "2008.08.05"]
[Round "8.26"]
[White "Jackson, Oliver"]
[Black "James, David J"]
[Result "0-1"]
[WhiteElo "2221"]
[BlackElo "2177"]
[PlyCount "95"]
[EventDate "2008.07.28"]
[EventType "swiss"]
[EventRounds "11"]
[EventCountry "GBR"]

1. e4 c5 2. Nc3 e6 3. f4 d5 4. Nf3 dxe4 5. Nxe4 Nc6 6. Bc4 Nh6 7. d3 Be7 8. c3
O-O 9. O-O Na5 10. Bb5 Bd7 11. Bxd7 Qxd7 12. Be3 b6 13. Qe2 Nc6 14. Rad1 Qc7
15. Ne5 f6 16. Nxc6 Qxc6 17. Qf3 Kh8 18. Rfe1 Rfe8 19. Bf2 Rad8 20. Re2 Rd7 21.
Rde1 Bf8 22. d4 cxd4 23. Bxd4 Nf5 24. Ng5 Nxd4 25. cxd4 Qxf3 26. Nxf3 Rde7 27.
Nd2 Kg8 28. Ne4 Rd7 29. Rd1 Red8 30. Red2 Bb4 31. Rd3 Bc5 32. Kf1 Rxd4 33. Rxd4
Rxd4 34. Rxd4 Bxd4 35. b3 Kf8 36. g4 Ke7 37. Ke2 f5 38. gxf5 exf5 39. Ng5 h6
40. Nf3 Bf6 41. h4 g6 42. Kd3 Kd6 43. Kc4 Bb2 44. a4 Bc1 45. Ne5 Bxf4 46. Nxg6
Bg3 47. h5 f4 48. Kd4 0-1

[Event "GBR-ch 95th"]
[Site "Liverpool"]
[Date "2008.08.05"]
[Round "8.27"]
[White "Rayner, Francis"]
[Black "Ledger, Stephen"]
[Result "1/2-1/2"]
[WhiteElo "2207"]
[BlackElo "2138"]
[PlyCount "37"]
[EventDate "2008.07.28"]
[EventType "swiss"]
[EventRounds "11"]
[EventCountry "GBR"]

1. e4 c5 2. Nf3 Nc6 3. d4 cxd4 4. Nxd4 e5 5. Nb5 a6 6. Nd6+ Bxd6 7. Qxd6 Qf6 8.
Qd2 Nge7 9. b3 O-O 10. c4 Qg6 11. f3 Nd4 12. Nc3 d6 13. Bd3 f5 14. O-O Bd7 15.
Qg5 Qxg5 16. Bxg5 Rae8 17. Be3 Ndc6 18. Rad1 h6 19. exf5 1/2-1/2

[Event "GBR-ch 95th"]
[Site "Liverpool"]
[Date "2008.08.05"]
[Round "8.28"]
[White "Townsend, Paul"]
[Black "Coates, David H"]
[Result "1-0"]
[WhiteElo "2204"]
[BlackElo "2037"]
[PlyCount "49"]
[EventDate "2008.07.28"]
[EventType "swiss"]
[EventRounds "11"]
[EventCountry "GBR"]

1. d4 Nf6 2. c4 g6 3. Nc3 d5 4. Nf3 Bg7 5. Qb3 dxc4 6. Qxc4 O-O 7. e4 a6 8. e5
b5 9. Qb3 Nfd7 10. e6 fxe6 11. Be3 Nf6 12. Rd1 Nd5 13. h4 c6 14. h5 Qc7 15.
hxg6 hxg6 16. Qc2 Rf5 17. Nxd5 exd5 18. Bd3 a5 19. Nh4 Rf6 20. Nxg6 Na6 21. Qe2
Nb4 22. Bb1 Ra7 23. Qh5 e6 24. Qh7+ Kf7 25. Bh6 1-0

[Event "GBR-ch 95th"]
[Site "Liverpool"]
[Date "2008.08.05"]
[Round "8.29"]
[White "Goodger, Martyn"]
[Black "Woods, Connor"]
[Result "1-0"]
[WhiteElo "2187"]
[BlackElo "1934"]
[PlyCount "91"]
[EventDate "2008.07.28"]
[EventType "swiss"]
[EventRounds "11"]
[EventCountry "GBR"]

1. e4 c5 2. Nf3 Nc6 3. c3 Nf6 4. e5 Nd5 5. Bc4 Nb6 6. Bb3 d5 7. exd6 Qxd6 8.
Na3 Bf5 9. d4 e6 10. Nb5 Qb8 11. g3 cxd4 12. O-O Bd6 13. Nfxd4 Nxd4 14. Nxd4
Bg6 15. Qg4 O-O 16. Rd1 Re8 17. Bg5 a6 18. Rd2 h6 19. Be3 Nd7 20. Qd1 Nc5 21.
Bc2 Bxc2 22. Qxc2 Rd8 23. Rad1 Be7 24. b4 Nd7 25. Nxe6 fxe6 26. Rxd7 Rxd7 27.
Rxd7 Bf6 28. Qg6 Qc8 29. Qf7+ Kh8 30. Rc7 Qd8 31. Qd7 Qg8 32. Rxb7 Rd8 33. Qc6
Qh7 34. Kg2 Qb1 35. Qxe6 Rd1 36. Rb8+ Kh7 37. Qg8+ Kg6 38. Qe8+ Kh7 39. Qe6
Rg1+ 40. Kh3 Qf1+ 41. Kg4 Qd1+ 42. Kf4 Bg5+ 43. Ke4 Qc2+ 44. Kd5 Rd1+ 45. Bd4
Qxa2+ 46. Kd6 1-0

[Event "GBR-ch 95th"]
[Site "Liverpool"]
[Date "2008.08.05"]
[Round "8.30"]
[White "Gavriel, Tryfon"]
[Black "Shaw, Peter"]
[Result "1-0"]
[WhiteElo "2180"]
[BlackElo "2127"]
[PlyCount "71"]
[EventDate "2008.07.28"]
[EventType "swiss"]
[EventRounds "11"]
[EventCountry "GBR"]

1. e4 e6 2. d4 b6 3. Bd3 Bb7 4. Nf3 c5 5. d5 exd5 6. exd5 Bxd5 7. Nc3 Be6 8.
Bf4 a6 9. Ng5 Nf6 10. Nxe6 dxe6 11. Qf3 Ra7 12. O-O-O Nbd7 13. g4 Qa8 14. Qh3
Nd5 15. Bd2 Nxc3 16. Bxc3 b5 17. g5 b4 18. Bd2 Ne5 19. Be2 g6 20. Bf4 Bg7 21.
Qe3 Nd7 22. Bf3 Qc8 23. Bd6 Bf8 24. Bf4 Bg7 25. h4 O-O 26. Bd6 Re8 27. h5 a5
28. hxg6 hxg6 29. Be4 Ra6 30. Qh3 Nf8 31. f4 e5 32. f5 gxf5 33. Bxf5 Qd8 34.
Bh7+ Kh8 35. Bd3+ Kg8 36. Bxa6 1-0

[Event "GBR-ch 95th"]
[Site "Liverpool"]
[Date "2008.08.05"]
[Round "8.31"]
[White "Yeo, Michael J"]
[Black "Elwin, Adrian G"]
[Result "1-0"]
[WhiteElo "2110"]
[BlackElo "2022"]
[PlyCount "79"]
[EventDate "2008.07.28"]
[EventType "swiss"]
[EventRounds "11"]
[EventCountry "GBR"]

1. e4 c6 2. d4 d5 3. e5 Bf5 4. Nc3 e6 5. g4 Bg6 6. Nge2 Bb4 7. h4 h6 8. Nf4 Ne7
9. Nxg6 Nxg6 10. h5 Ne7 11. Bd2 Nd7 12. f4 Qb6 13. a3 Bxc3 14. Bxc3 c5 15. b4
c4 16. Qd2 a6 17. Bh3 Qc6 18. Ke2 b5 19. f5 O-O-O 20. Qf4 Rhe8 21. Rad1 exf5
22. gxf5 Nf6 23. Bg2 Ne4 24. Rh3 Qd7 25. Bxe4 dxe4 26. Qxe4 Qxf5 27. Qxf5+ Nxf5
28. Rf3 g6 29. hxg6 fxg6 30. d5 Ne7 31. d6 Nf5 32. Kf2 Kd7 33. Rf4 Ke6 34. Rg4
g5 35. Kf3 Rd7 36. Ke4 Rf8 37. Rg2 Nh4 38. Rg4 Rf5 39. Rdg1 Rdf7 40. Rxh4 1-0

[Event "GBR-ch 95th"]
[Site "Liverpool"]
[Date "2008.08.05"]
[Round "8.33"]
[White "Sen, Subin"]
[Black "Gibson, Chris A"]
[Result "1-0"]
[WhiteElo "2050"]
[BlackElo "2003"]
[PlyCount "71"]
[EventDate "2008.07.28"]
[EventType "swiss"]
[EventRounds "11"]
[EventCountry "GBR"]

1. Nf3 c5 2. c4 Nc6 3. d4 cxd4 4. Nxd4 Qb6 5. Nc2 e6 6. Nc3 Nf6 7. e3 Be7 8.
Be2 O-O 9. O-O Rd8 10. e4 Ne5 11. Be3 Qc7 12. Nb5 Qc6 13. Qd4 a6 14. Qxe5 axb5
15. Nd4 Qxe4 16. Qxe4 Nxe4 17. Nxb5 Bc5 18. Bxc5 Nxc5 19. Nd6 b6 20. b4 Nb7 21.
Bf3 Rb8 22. Rfd1 Nxd6 23. Rxd6 Bb7 24. Rad1 Bxf3 25. gxf3 Rb7 26. c5 bxc5 27.
bxc5 Kf8 28. c6 Rc7 29. Kg2 Ke7 30. Rxd7+ Rdxd7 31. Rxd7+ Rxd7 32. cxd7 Kxd7
33. Kg3 Kd6 34. Kf4 f6 35. Ke4 Kc5 36. f4 1-0

[Event "GBR-ch 95th"]
[Site "Liverpool"]
[Date "2008.08.05"]
[Round "8.34"]
[White "Davis, Lee"]
[Black "Garnett, John S"]
[Result "1/2-1/2"]
[WhiteElo "2071"]
[BlackElo "2030"]
[PlyCount "48"]
[EventDate "2008.07.28"]
[EventType "swiss"]
[EventRounds "11"]
[EventCountry "GBR"]

1. d4 Nf6 2. g3 d5 3. Bg2 c5 4. Nf3 cxd4 5. Nxd4 e5 6. Nb3 Nc6 7. O-O Be7 8.
Bg5 Be6 9. Nc3 d4 10. Bxf6 Bxf6 11. Ne4 Be7 12. c3 dxc3 13. bxc3 O-O 14. Nec5
Bxb3 15. Qxd8 Rfxd8 16. Nxb3 Rac8 17. Rfd1 Bf6 18. Nc5 b6 19. Ne4 Be7 20. Rxd8+
Rxd8 21. Nf6+ Bxf6 22. Bxc6 Rd2 23. Bb5 e4 24. a4 g6 1/2-1/2

[Event "GBR-ch 95th"]
[Site "Liverpool"]
[Date "2008.08.06"]
[Round "9.1"]
[White "Lalic, Bogdan"]
[Black "Conquest, Stuart"]
[Result "1/2-1/2"]
[WhiteElo "2533"]
[BlackElo "2536"]
[PlyCount "121"]
[EventDate "2008.07.28"]
[EventType "swiss"]
[EventRounds "11"]
[EventCountry "GBR"]

1. d4 d5 2. c4 e6 3. Nf3 c5 4. cxd5 exd5 5. g3 Nf6 6. Bg2 Be7 7. O-O O-O 8.
dxc5 Bxc5 9. Nc3 Nc6 10. Bg5 d4 11. Bxf6 Qxf6 12. Nd5 Qd8 13. Nd2 Re8 14. Rc1
Bb6 15. Nc4 Bg4 16. Re1 Bc5 17. a3 a6 18. b4 Ba7 19. Qd2 Rc8 20. h3 Be6 21. Nf4
Bxc4 22. Rxc4 Ne5 23. Rxc8 Qxc8 24. Rc1 Qd7 25. Nd3 Nxd3 26. Qxd3 g6 27. h4 Rc8
28. Rxc8+ Qxc8 29. Bd5 Qd7 30. Qf3 b5 31. h5 Bb6 32. Bb7 d3 33. exd3 a5 34. Bc6
Qe7 35. bxa5 Bxa5 36. Bxb5 Qxa3 37. Bc4 Qe7 38. Bxf7+ Kg7 39. Bd5 Bc3 40. hxg6
hxg6 41. Be4 Qf6 42. Qe2 Bd4 43. Kg2 g5 44. Qc2 Bb6 45. f3 Qe5 46. Qc8 Bc7 47.
Qg4 Kf6 48. d4 Qe6 49. Qxe6+ Kxe6 50. f4 gxf4 51. g4 Bb6 52. d5+ Kf6 53. Kf3
Bc7 54. Ke2 Bd8 55. Kd3 Ke5 56. Bf3 Bf6 57. Kc4 Be7 58. Bg2 Bf8 59. Kb5 Kd6 60.
g5 Ke5 61. Kc6 1/2-1/2

[Event "GBR-ch 95th"]
[Site "Liverpool"]
[Date "2008.08.06"]
[Round "9.2"]
[White "Arkell, Keith"]
[Black "Gordon, Stephen J"]
[Result "1/2-1/2"]
[WhiteElo "2506"]
[BlackElo "2508"]
[PlyCount "72"]
[EventDate "2008.07.28"]
[EventType "swiss"]
[EventRounds "11"]
[EventCountry "GBR"]

1. d4 Nf6 2. Nf3 d5 3. c4 e6 4. cxd5 exd5 5. Nc3 c6 6. Bg5 h6 7. Bh4 Bf5 8. e3
Nbd7 9. Bd3 Bxd3 10. Qxd3 Be7 11. O-O O-O 12. Rab1 a5 13. Qc2 Ne8 14. Bxe7 Qxe7
15. Na4 Nd6 16. Nc5 Nxc5 17. Qxc5 Qe6 18. b3 a4 19. Qc2 axb3 20. axb3 Ra6 21.
Ra1 Rfa8 22. Rxa6 Rxa6 23. Ne5 h5 24. h3 g6 25. Rc1 Kg7 26. Qd1 Qf5 27. Nd3 Ra2
28. Rc2 Ra8 29. Rc1 Ra2 30. Rc2 Ra8 31. Rc1 g5 32. Qc2 h4 33. Qd1 Ra2 34. Rc2
Ra3 35. Rc1 Ra2 36. Rc2 Ra3 1/2-1/2

[Event "GBR-ch 95th"]
[Site "Liverpool"]
[Date "2008.08.06"]
[Round "9.4"]
[White "Hebden, Mark"]
[Black "Kolbus, Dietmar"]
[Result "1/2-1/2"]
[WhiteElo "2520"]
[BlackElo "2393"]
[PlyCount "145"]
[EventDate "2008.07.28"]
[EventType "swiss"]
[EventRounds "11"]
[EventCountry "GBR"]

1. d4 d5 2. Nf3 c6 3. c4 Nf6 4. e3 Bf5 5. cxd5 cxd5 6. Qb3 Qc7 7. Bd2 Nc6 8.
Bb5 e6 9. O-O Bd6 10. Bb4 O-O 11. Bxc6 Qxc6 12. Ne5 Qb6 13. Bxd6 Qxd6 14. Nc3
Qe7 15. Rfc1 Rfc8 16. f3 h6 17. a4 Ne8 18. e4 dxe4 19. fxe4 Bh7 20. Rf1 f6 21.
Nf3 Kh8 22. e5 f5 23. Kh1 b6 24. Rfe1 Nc7 25. d5 Nxd5 26. Nxd5 exd5 27. e6 Rc5
28. Rad1 Rd8 29. Nd4 f4 30. Qh3 Be4 31. b4 Rc4 32. b5 Re8 33. Qh5 Rxa4 34. Ne2
Rf8 35. Nc3 Rc4 36. Nxe4 Rxe4 37. Qxd5 Rxe1+ 38. Rxe1 Re8 39. h3 Qc5 40. Qd3
Qe7 41. Qg6 Kg8 42. Re4 Rf8 43. Qg4 Rf6 44. h4 Kh7 45. h5 Kg8 46. Kh2 Kh7 47.
Kh3 Kg8 48. Kh2 Kh7 49. Re2 Kg8 50. Re5 Kh7 51. Qf3 Kg8 52. Qd5 Rf8 53. Kh3
Qa3+ 54. Qf3 Qd6 55. Qd5 Qa3+ 56. Qf3 Qd6 57. Re4 Qe7 58. Qg4 Rf6 59. Re5 Qa3+
60. Qf3 Qxf3+ 61. gxf3 Kf8 62. e7+ Ke8 63. Kg4 g6 64. hxg6 Rxg6+ 65. Kxf4 Rf6+
66. Kg4 a6 67. bxa6 b5 68. a7 Ra6 69. Kf5 Rxa7 70. Kf6 Rb7 71. f4 b4 72. f5 b3
73. Kg7 1/2-1/2